| 000 | 00497nam a2200169 a 4500 | ||
|---|---|---|---|
| 005 | 20140412111253.0 | ||
| 008 | 000824s19uu xx 00 eng d | ||
| 020 | _a0-590-46453-1 | ||
| 050 |
_aTR(PS E _bDr78 1992 |
||
| 100 | _aCarle, Eric | ||
| 245 |
_aDraw me a star / _cEric Carle. |
||
| 260 |
_aNew York : _bScholastic Inc, _c1992. |
||
| 300 | _a1 v. (unp.) ; ill. | ||
| 520 | _aDraw me a star. And the artist drew a star. It was a good star. | ||
| 650 | _aStar-Fiction | ||
| 999 |
_c103192 _d103192 |
||